=LDR 00000nam 2200000 4500 =001 000851 =005 20250712013411 =035 ##$$a 0010-0725000725 =007 ta =008 250712################a##########0#ind## =020 ##$$a 078-623-307-933-4 =082 ##$$a 398.209 598 =084 ##$$a 398.209 598 MAH p =100 #$$a mahajan, shals =245 1#$$a pemburu kecil yang gagah berani /$c shals mahajan =250 ##$$a pertama =260 ##$$a jakarta :$b badan pengembangan dan pembinaan bahasa,$c 2022 =300 ##$$a 24hlm. : $b ilus. ; $c 22,9 =650 #4$$a ceeita anak indonesia terjemahan =650 #4$$a literasi bahan bacaan =990 ##$$a TBM202400826